000 00584nam a2200205Ia 4500
003 GCL
008 140319s9999 xx 000 0 ara d
040 _aGCL /
_cGCL
082 0 4 _a916.21
_bع ب
100 1 _aعمر الفاروق السيد رجب
245 1 0 _aالبرارى /
_cعمر الفاروق السيد رجب
260 _a[S.N] :
_bالهيئة المصرية العامة للكتاب ،
_c1986
300 _a109 ص
490 _a
650 0 4 _aمصر
650 0 4 _aنهر النيل
650 0 4 _aالدلتا
650 0 4 _aالبرارى
942 _2ddc
_cBK
999 _c29892
_d29892